Fr. Conceicao Rodrigues College of Engineering

Bench Work & Fitting (Record no. 25966)

MARC details
000 -LEADER
fixed length control field 00253nam a2200121Ia 4500
100 ## - MAIN ENTRY--PERSONAL NAME
Personal name Peck/ W.G
245 ## - TITLE STATEMENT
Title Bench Work & Fitting
260 ## - PUBLICATION, DISTRIBUTION, ETC.
Name of publisher, distributor, etc. Sir ISAAC Pitman & Sons Ltd.
Date of publication, distribution, etc. 2001
300 ## - PHYSICAL DESCRIPTION
Extent 74
546 ## - LANGUAGE NOTE
Language note ENGLISH
654 ## - SUBJECT ADDED ENTRY--FACETED TOPICAL TERMS
Focus term Work
942 ## - ADDED ENTRY ELEMENTS (KOHA)
Koha item type BOOK
Holdings
Withdrawn status Lost status Damaged status Not for loan Collection Home library Current library Date acquired Cost, normal purchase price Inventory number Total Checkouts Full call number Barcode Date last seen Cost, replacement price Price effective from Koha item type
        AFT Fr. Agnel's C.Rodrigues College of Engineering Fr. Agnel's C.Rodrigues College of Engineering 17/03/2023 25.00 1045   AFT703 17/03/2023 25.00 17/03/2023 BOOK